000 00987nam a2200289 i 4500
001 000003313
003 DO-SdBNP
005 20260128094501.0
007 ta
008 090707s1986 dr r 000 0 spa d
040 _aDO-SdBNP
_bspa
_cBNPHU
082 4 _a342.7293066
_bY47a
_222
100 1 _aYepez Suncar, Luis S.,
_910406
_eautor
245 1 3 _aLa astreinte en lo contencioso-administrativo /
_cLuis S. Yépez Suncar ; prólogo, Néstor Contín Aybar.
264 4 _aSanto Domingo :
_bCorripio,
_c1986.
300 _a143 páginas ;
_c22 cm.
336 _2rdacontent
_atexto
_btxt
337 _2rdamedia
_asin mediación
_bn
338 _2rdacarrier
_avolumen
_bnc
500 _aIncluye referencias bibliográficas
500 _aIncluye índice
590 _aInventariado, 2024/BT
650 7 _aEjecución (Derecho)
_xRepública Dominicana
_910407
_2LIBRUNAM
700 1 _aContín Aybar, Néstor,
_eprólogo
_910408
910 _aValidado. Control de calidad, MFF
942 _2ddc
_cLBS1
999 _c3144
_d3144